| 000 | 00724nam a22002177a 4500 | ||
|---|---|---|---|
| 999 |
_c5064 _d5064 |
||
| 003 | OSt | ||
| 005 | 20220403214946.0 | ||
| 008 | 220403b ||||| |||| 00| 0 eng d | ||
| 020 | _a9780070998131 | ||
| 040 | _cAlupe University | ||
| 050 |
_aRC1210 _bB78 2012 |
||
| 100 | _aPeter Brukner | ||
| 245 |
_aBrukner & Khan's clinical sports medicine _cPeter Brukner and Karim Khan |
||
| 260 |
_aNorth Ryde, New South Wales _bMcGraw-Hill Education (Australia) _c2012 |
||
| 300 |
_a1296p _b col. Illustrations |
||
| 500 | _aincludes indexes | ||
| 650 | _aSports medicine. | ||
| 700 | _a Karim Khan | ||
| 856 | _uhttp://172.30.46.200/cgi-bin/koha/opac-retrieve-file.pl?id=0e6a5da429142a556de32c3e83ce7eac | ||
| 942 |
_2lcc _cEB _nMW |
||